[Event "Stay Safe Play From Home 185"]
[Site "T#646428Emanuel Laske"]
[Date "2020.05.29"]
[Round "6"]
[White "Rogan"]
[Black "Eidgenosse"]
[Result "1-0"]
[WhiteElo "2219"]
[BlackElo "2487"]
[Annotator "TA"]
[PlyCount "105"]
[EventDate "2020.05.29"]
[EventType "swiss (blitz)"]

{[%evp 9,104,14,11,14,22,18,13,-11,-5,-22,-26,-23,-22,-26,-12,-39,-4,-68,-68,-62,-64,-95,-76,-78,-44,-66,-27,-57,-52,-40,-39,-70,268,263,263,267,407,31,159,156,146,41,50,22,38,37,40,0,26,16,25,33,30,-106,355,346,334,344,361,359,516,434,601,617,603,379,351,257,235,120,152,0,0,-18,267,324,295,241,302,257,2000,1816,1967,1944,29983,29982,29989,29986,29990,29991,29993,29994,29997,29998,29998,29999,29999]} 1. d4 d6 2. c3 Nf6 3. Nf3 g6 4. Bg5 Bg7 5. e3 Nbd7 6. Bd3 {A48: 1 d4 Nf6 2 Nf3 g6: Torre, London and Colle Systems.} b6 7. Nbd2 Bb7 8. Qe2 {The position is equal.} O-O {[#]} 9. h4 $146 ({Predecessor:} 9. O-O e5 10. Ba6 Bxa6 11. Qxa6 h6 12. Bxf6 Nxf6 13. dxe5 dxe5 14. Nc4 e4 15. Rfd1 Qe7 {1-0 (53) Olazarri,M (2325)-Donatti,A (2335) Uruguay 1997}) 9... h6 10. Bxf6 Nxf6 11. a4 c5 12. a5 bxa5 13. Ba6 (13. dxc5 $11 dxc5 14. Nc4) 13... Bc6 $15 14. O-O Rb8 15. b3 Qb6 16. Bd3 h5 17. Ra3 d5 18. Rfa1 Ne4 19. Bxe4 dxe4 20. Ne5 Bd5 $2 {[%mdl 8192]} (20... Bxe5 $15 {keeps the upper hand.} 21. Nc4 cxd4 $1 {[%mdl 512]} 22. exd4 (22. Nxb6 d3 $11) 22... Bb5 23. dxe5 Qe6) 21. Nd7 $18 {[%mdl 64] Double Attack} (21. Rxa5 Bxe5 22. dxe5 Rfd8 $11) 21... Qc7 22. Nxf8 Rxf8 (22... Bxf8 $142 23. Rxa5 {[%mdl 64] Double Attack} e6 24. Rxa7 Qc8) 23. c4 $2 ({White should play} 23. Rxa5 $18 cxd4 24. Rxd5) 23... Be6 ({Black should try} 23... Bb7 $14) 24. Rxa5 $16 cxd4 25. exd4 ({Resist} 25. Nxe4 $6 dxe3 26. Qxe3 (26. Rxa7 exf2+ 27. Nxf2 Qf4 $11) 26... Bxa1 $14) (25. Rxa7 $16 Qb8 26. Ra8 (26. Nxe4 Qxb3 27. Rc1 Bf5 $16)) 25... Bxd4 $14 26. R1a2 $36 {[%mdl 2048] White has some pressure.} e3 27. fxe3 Bb6 28. R5a4 Qg3 29. Nf3 Bg4 30. Qf2 Qc7 31. b4 (31. Rd2 $11) 31... Qc8 $2 {[%mdl 8192]} (31... Qxc4 $17 {and life is bright.} 32. Ra1 Qd5) 32. c5 $18 Bc7 33. Rxa7 Qd8 34. Ra8 Qd1+ (34... Bb8 {might work better.} 35. c6 Qb6) 35. Qf1 Qd5 36. Rxf8+ Kxf8 37. Rd2 Qe4 38. Qe1 Bxf3 39. gxf3 ({Only move:} 39. Rd4 $1 $18 {[%cal Rd4e4]} Qf5 40. gxf3) 39... Qxf3 {[%mdl 4096] Endgame KQR-KQB} 40. Qf2 $2 (40. Rg2 $16) 40... Qg4+ $11 {[%mdl 64] Double Attack} 41. Qg2 {Qxg4 is the strong threat.} Qf5 $2 {[%mdl 8192]} (41... Qxh4 $11 {and Black has nothing to worry.} 42. Rd4 Qe1+ {[%mdl 64] Double Attack} 43. Qf1 Qg3+ 44. Qg2 Qe1+ 45. Qf1 Qg3+ 46. Qg2 Qe1+) 42. Qa8+ Kg7 {[#]} 43. Qd5 $1 {[%cal Rd5f5] Black must now prevent Qxf5.} Qg4+ 44. Kf1 {Threatens to win with Qd4+.} Qxh4 $2 {[#]} (44... Qxb4 45. Qd4+ Qxd4 46. exd4 (46. Rxd4 Kf6 $16) 46... Kf8) 45. Qd4+ $1 $18 Qxd4 46. Rxd4 {KR-KB} e5 47. Rd7 {White mates.} Bd8 48. c6 Bh4 49. c7 e4 50. c8=Q g5 {[#]} 51. Qe8 $1 {[%mdl 64] Double Attack} g4 52. Qxf7+ {[%mdl 64] Double Attack} Kh6 53. Qg7# {Accuracy: White = 57%, Black = 43%.} 1-0

[Event "Stay Safe Play From Home 185"]
[Site "T#646428Emanuel Laske"]
[Date "2020.05.29"]
[Round "6"]
[White "Weltszmerc"]
[Black "Little champs"]
[Result "1-0"]
[WhiteElo "2071"]
[BlackElo "2123"]
[Annotator "TA"]
[PlyCount "71"]
[EventDate "2020.05.29"]
[EventType "swiss (blitz)"]

{[%evp 11,70,31,48,0,11,15,19,25,57,49,51,52,53,47,62,43,73,70,79,102,75,66,103,77,79,52,58,13,20,14,31,19,39,37,41,0,44,44,44,44,195,176,218,205,304,292,310,184,202,191,193,160,236,226,410,195,535,543,1903,1879,29999]} 1. d4 Nf6 2. c4 e6 3. Nf3 d5 4. g3 dxc4 5. Bg2 c5 6. O-O cxd4 7. Qa4+ {E04: Open Catalan: 5 Nf3.} Bd7 8. Qxc4 Nc6 9. Nxd4 {The position is equal.} Nxd4 10. Qxd4 Bc6 11. Bxc6+ bxc6 12. Qa4 Qb6 13. Be3 Qb5 14. Nc3 Qxa4 15. Nxa4 Nd5 {[#]} 16. Bc5 $146 ({Predecessor:} 16. Bd4 f6 17. e4 Ne7 18. Rac1 e5 19. Be3 g5 20. Rfd1 Rd8 21. Rxd8+ Kxd8 22. Bxa7 {½-½ (76) Lettieri,G (2435)-Manukian,A (2196) chess.com INT 2020}) 16... Be7 17. e4 Nf6 18. e5 (18. f3 {feels hotter.} Nd7 19. Bd4 O-O 20. Rac1 Rac8 21. Rfd1) 18... Nd7 19. Bxe7 (19. Bd6 {seems wilder.} Nb6 20. Nc5 Nc4 21. Rfd1 Rd8 22. Ne4) 19... Kxe7 20. f4 Rab8 21. b3 Rb4 22. Rac1 $36 {[%mdl 2048] Black is under pressure.} Rc8 23. Rfd1 Nb6 (23... g5 $5) 24. Nc5 Nd5 25. Kf2 g5 $2 {[#] Now Black is done in.} ({Better is} 25... a5 $14) 26. fxg5 $18 Rg4 27. h4 h6 (27... Rb4 $142 28. Rd3 Rd8) 28. Kf3 ({But not} 28. gxh6 $6 Rg6 $18) 28... Rb4 29. Ne4 (29. gxh6 $142 {Strongly threatening a3.} Rh8 30. Ne4) 29... hxg5 30. Nxg5 ({Don't take} 30. hxg5 $6 Rbb8 $16) 30... a5 31. Rc4 Rb6 (31... c5 $16 {keeps fighting.} 32. Ne4 Rxc4 33. bxc4 Nb6) 32. Ne4 a4 $2 {[#]} (32... Rh8 33. Rd2 Nb4) 33. Nd6 (33. Rxa4 $142 {Threatens to win with Nd6.} Rc7 34. h5) 33... Rcb8 $2 (33... Rc7 {is a better chance.}) 34. Rxa4 Rg8 35. Ra7+ Kf8 36. Rxf7# {Accuracy: White = 60%, Black = 36%.} 1-0

[Event "Stay Safe Play From Home 185"]
[Site "T#646428Emanuel Laske"]
[Date "2020.05.29"]
[Round "6"]
[White "SoulofWolf"]
[Black "Lazieri3"]
[Result "1-0"]
[WhiteElo "2020"]
[BlackElo "2044"]
[Annotator "TA"]
[PlyCount "45"]
[EventDate "2020.05.29"]
[EventType "swiss (blitz)"]

{[%evp 9,44,10,52,21,34,27,35,41,75,27,27,18,26,4,25,-19,-16,-8,3,-116,-51,-98,0,-47,-18,-11,194,196,577,558,29998,1172,1109,1102,29998,29999,29999]} 1. e4 c6 2. f3 d5 3. d3 dxe4 4. fxe4 Nf6 {[#]} 5. Nf3 $146 ({Predecessor:} 5. Nc3 Bg4 6. Be3 Bxd1 7. Nxd1 e6 8. Nf3 Bd6 9. Bg5 O-O 10. Be2 Nbd7 11. O-O {0-1 (27) Rastenis,D-Motuza,N (1305) Kaunas 2015}) 5... Bg4 6. Be2 {B10: Caro-Kann: 2 d3 and 2 c4.} e6 7. O-O Bc5+ 8. Kh1 {White is slightly better.} Nbd7 9. Nbd2 O-O 10. a3 Bb6 11. b4 a5 12. Nc4 axb4 {White must now prevent ...Bxf3.} 13. Nxb6 Qxb6 14. a4 (14. Rb1 $1 $11) 14... Nc5 (14... Bxf3 $17 15. Bxf3 Ra5) 15. Bb2 Rxa4 (15... Nfd7 $17 {Hoping for ...Bxf3.} 16. Ne5 Bxe2 17. Qxe2 Qc7 18. Nxd7 Nxd7) 16. Bd4 {Rxa4 is the strong threat.} (16. Bxf6 {is more complex.} gxf6 17. Rxa4 Nxa4 18. Qd2 Qa5 19. e5) 16... Rxa1 (16... Qa5 {seems wilder.} 17. Rxa4 Nxa4 18. Bxf6 gxf6 19. Qa1 e5) 17. Qxa1 {[#]} Qb5 $2 {Now Black is done in.} (17... e5 $1 $11 {and Black stays safe.} 18. Bxe5 Ncd7) 18. Bxf6 $18 Bxf3 $2 (18... gxf6 {is a better chance.} 19. Nd4 {[%mdl 64] Discovered Attack} (19. Qxf6 Nd7 $11) 19... Qa6) 19. Rxf3 gxf6 20. Qxf6 (20. Rg3+ $142 Kh8 21. Qxf6#) 20... Nxe4 21. dxe4 {[#] Rg3+ would kill now.} Qxe2 22. Rg3+ Qg4 23. Rxg4# {Accuracy: White = 45%, Black = 29%.} 1-0

[Event "Stay Safe Play From Home 185"]
[Site "T#646428Emanuel Laske"]
[Date "2020.05.29"]
[Round "6"]
[White "The Next Contender"]
[Black "Konmos"]
[Result "0-1"]
[WhiteElo "2000"]
[BlackElo "1826"]
[Annotator "TA"]
[PlyCount "86"]
[EventDate "2020.05.29"]
[EventType "swiss (blitz)"]

{[%evp 9,86,6,8,0,0,0,0,-5,-8,-104,-117,-120,-124,-149,-139,-161,-144,-143,-106,-113,-30,-25,-23,-108,-105,-116,-77,-68,-29,-79,33,29,458,429,441,427,415,379,387,129,106,0,0,0,0,0,0,0,0,-40,-37,-131,-124,-129,-120,-131,-95,-161,-131,-121,-140,-142,-149,-130,-29,-133,-129,-141,-77,-146,-97,-92,-7,-310,-270,-283,-252,-248,-229]} 1. d4 e5 2. c4 exd4 3. Qxd4 Bb4+ 4. Bd2 {[#]} Qf6 $146 ({Predecessor:} 4... Bxd2+ 5. Nxd2 Qf6 6. Ngf3 Nc6 7. Qxf6 Nxf6 8. a3 O-O 9. e4 Re8 10. Bd3 d5 11. cxd5 Nxd5 {½-½ (48) Kfoury,J-Atwi,A (2138) Beirut 2007}) 5. Qxf6 Bxd2+ 6. Nxd2 {A40: Unusual replies to 1 d4.} Nxf6 7. g3 Nc6 {[%cal Bb8c6,Bc6b4,Bb4a2][%mdl 32]} 8. Bg2 {The position is equal.} Nb4 {[#] Hoping for ...Nc2+.} 9. O-O-O (9. Kf1 $11) 9... Nxa2+ $17 10. Kb1 Nb4 11. e4 O-O 12. Nb3 Ng4 13. Nh3 Ne5 14. Nf4 g5 (14... Nxc4 $17 15. Nd5 Nxd5 16. exd5 c6) 15. Nd5 $11 Nxd5 16. exd5 (16. cxd5 $11 f5 17. d6) 16... d6 $17 ({Of course not} 16... Nxc4 $6 17. Rc1 $11) 17. c5 dxc5 18. Nxc5 b6 19. Ne4 h6 (19... Bf5 $17 20. Ka2 f6) 20. d6 $1 $14 {[%cal Rd6c7]} Bb7 $2 {[%mdl 8192]} (20... cxd6 $11 {and Black has nothing to worry.} 21. Nf6+ {[%mdl 64] Discovered Attack} (21. Nxd6 Bg4 $15) 21... Kg7 22. Bxa8 Kxf6) 21. Nf6+ $18 {[%mdl 64] [#] Discovered Attack} Kg7 22. Bxb7 Rab8 23. Nh5+ Kg6 24. Nf4+ $2 (24. Ba6 $18) 24... gxf4 $16 25. gxf4 (25. dxc7 $16 Rxb7 26. Rd8 Rxc7 27. Rxf8) 25... Rxb7 $11 26. fxe5 cxd6 27. exd6 $16 {[%mdl 4096] Endgame KRR-KRR} Rd7 28. Rhg1+ Kf6 29. Rge1 Rfd8 30. Re3 (30. Rd4 $15) 30... Rxd6 $17 31. Rf3+ Kg7 32. Rg1+ Kf8 33. Rh3 (33. Rgg3 $17) 33... Rd1+ 34. Rxd1 Rxd1+ {KR-KR} 35. Ka2 Rd6 36. Ra3 a6 (36... a5 $17 37. Rf3 Rd5) 37. Rf3 (37. Rxa6 $11 {was the only way to keep the balance.} Rf6 38. b4) 37... a5 38. h3 Rd2 (38... Kg7 $142 39. Kb3 Rd4) 39. Ka3 (39. Rf6 $142) 39... Rd4 40. Rf6 Rb4 (40... Rh4 $17 41. Rf3 Ke7) 41. Ka2 $2 {[%mdl 8192]} (41. Rxh6 $11 {and White is okay.} Kg7 42. Rc6) 41... h5 $19 42. Rh6 h4 43. Rf6 Ke7 {What a fight! Accuracy: White = 48%, Black = 54%.} 0-1

[Event "Stay Safe Play From Home 185"]
[Site "T#646428Emanuel Laske"]
[Date "2020.05.29"]
[Round "6"]
[White "Trotsky"]
[Black "Raja3652016"]
[Result "1-0"]
[WhiteElo "1538"]
[BlackElo "1640"]
[Annotator "NA RC"]
[PlyCount "41"]
[EventDate "2020.05.29"]
[EventType "swiss (blitz)"]

1. d4 {[%emt 0:00:01]} d5 {[%emt 0:00:02]} 2. e3 {[%emt 0:00:00]} e6 {[%emt 0:00:02]} 3. c4 {[%emt 0:00:01]} c6 {[%emt 0:00:02]} 4. Nc3 {[%emt 0:00:01]} Nf6 {[%emt 0:00:02]} 5. Nf3 {[%emt 0:00:01]} Be7 {[%emt 0:00:02]} 6. c5 {[%emt 0:00:01]} O-O {[%emt 0:00:01]} 7. Bd3 {[%emt 0:00:01]} Nbd7 {[%emt 0:00:00]} 8. Qc2 {[%emt 0:00:00]} b6 {[%emt 0:00:01]} 9. Ng5 {[%emt 0:00:01]} bxc5 {[%emt 0:00:02]} 10. h4 {[%emt 0:00:01]} cxd4 {[%emt 0:00:01]} 11. exd4 {[%emt 0:00:01]} c5 {[%emt 0:00:01]} 12. Be3 {[%emt 0:00:01]} cxd4 {[%emt 0:00:01]} 13. Bxd4 {[%emt 0:00:01]} e5 {[%emt 0:00:02]} 14. Bxh7+ {[%emt 0:00:04]} Kh8 {[%emt 0:00:04]} 15. O-O-O {[%emt 0:00:02]} exd4 {[%emt 0:00:02]} 16. Rxd4 {[%emt 0:00:01]} g6 {[%emt 0:00:01]} 17. Bxg6 {[%emt 0:00:02]} fxg6 {[%emt 0:00:02]} 18. Qxg6 {[%emt 0:00:01]} Qe8 {[%emt 0:00:06]} 19. Qh6+ {[%emt 0:00:05]} Kg8 {[%emt 0:00:03]} 20. Ne6 {[%emt 0:00:03]} Ne5 {[%emt 0:00:12]} 21. Qg7# {[%emt 0:00:03] (Lag: Av=0.43s, max=0.5s)} 1-0

[Event "Stay Safe Play From Home 185"]
[Site "T#646428Emanuel Laske"]
[Date "2020.05.29"]
[Round "6"]
[White "matematyk3"]
[Black "Grizzzly"]
[Result "0-1"]
[WhiteElo "1318"]
[BlackElo "1701"]
[Annotator "NA RC"]
[PlyCount "58"]
[EventDate "2020.05.29"]
[EventType "swiss (blitz)"]

1. d4 {[%emt 0:00:02]} e6 {[%emt 0:00:01]} 2. c4 {[%emt 0:00:00]} d5 {[%emt 0:00:00]} 3. Nc3 {[%emt 0:00:00]} Nf6 {[%emt 0:00:00]} 4. Nf3 {[%emt 0:00:01]} Nbd7 {[%emt 0:00:02]} 5. e3 {[%emt 0:00:00]} c6 {[%emt 0:00:00]} 6. cxd5 {[%emt 0:00:01]} exd5 {[%emt 0:00:02]} 7. Bd3 {[%emt 0:00:01]} Be7 {[%emt 0:00:00]} 8. O-O {[%emt 0:00:01]} O-O {[%emt 0:00:00]} 9. h3 {[%emt 0:00:01]} Re8 {[%emt 0:00:00]} 10. Bd2 {[%emt 0:00:01]} Nf8 {[%emt 0:00:00]} 11. Re1 {[%emt 0:00:07]} Ng6 {[%emt 0:00:00]} 12. a3 {[%emt 0:00:03]} Bd6 {[%emt 0:00:01]} 13. b4 {[%emt 0:00:11]} Ne4 {[%emt 0:00:02]} 14. Bxe4 {[%emt 0:00:02]} dxe4 {[%emt 0:00:01]} 15. Nh2 {[%emt 0:00:02]} Qh4 {[%emt 0:00:03]} 16. Ne2 {[%emt 0:00:05]} Be6 {[%emt 0:00:05]} 17. Nf4 {[%emt 0:00:02]} Bxf4 {[%emt 0:00:01]} 18. exf4 {[%emt 0:00:00]} Nxf4 {[%emt 0:00:02]} 19. Bxf4 {[%emt 0:00:01]} Qxf4 {[%emt 0:00:01]} 20. Qe2 {[%emt 0:00:03]} Bd5 {[%emt 0:00:02]} 21. f3 {[%emt 0:00:02]} Rad8 {[%emt 0:00:04]} 22. fxe4 {[%emt 0:00:02]} Rxe4 {[%emt 0:00:01]} 23. Qf3 {[%emt 0:00:01]} Rxe1+ {[%emt 0:00:01]} 24. Rxe1 {[%emt 0:00:02]} Qxd4+ {[%emt 0:00:00]} 25. Qf2 {[%emt 0:00:05]} Qxf2+ {[%emt 0:00:03]} 26. Kxf2 {[%emt 0:00:01]} Kf8 {[%emt 0:00:00]} 27. Nf3 {[%emt 0:00:01]} Re8 {[%emt 0:00:00]} 28. Ne5 {[%emt 0:00:01]} f6 {[%emt 0:00:01]} 29. Nd7+ {[%emt 0:00:01]} Kf7 {[%emt 0:00:01] ' Time (Lag: Av=0.33s, max=0.6s)} 0-1

[Event "Stay Safe Play From Home 185"]
[Site "T#646428Emanuel Laske"]
[Date "2020.05.29"]
[Round "6"]
[White "W Nelles"]
[Black "Fischer_11"]
[Result "0-1"]
[WhiteElo "1100"]
[BlackElo "1978"]
[Annotator "NA RC"]
[PlyCount "66"]
[EventDate "2020.05.29"]
[EventType "swiss (blitz)"]

1. e4 {[%emt 0:00:01]} Nf6 {[%emt 0:00:01]} 2. Nf3 {[%emt 0:00:01]} Nxe4 {[%emt 0:00:01]} 3. d4 {[%emt 0:00:02]} d5 {[%emt 0:00:01]} 4. Nc3 {[%emt 0:00:02]} Bg4 {[%emt 0:00:00]} 5. Nxe4 {[%emt 0:00:02]} dxe4 {[%emt 0:00:00]} 6. h3 {[%emt 0:00:01]} exf3 {[%emt 0:00:01]} 7. hxg4 {[%emt 0:00:02]} fxg2 {[%emt 0:00:00]} 8. Bxg2 {[%emt 0:00:01]} Nc6 {[%emt 0:00:00]} 9. O-O {[%emt 0:00:02]} e6 {[%emt 0:00:02]} 10. Bxc6+ {[%emt 0:00:02]} bxc6 {[%emt 0:00:01]} 11. c3 {[%emt 0:00:02]} c5 {[%emt 0:00:02]} 12. Qf3 {[%emt 0:00:02]} Rb8 {[%emt 0:00:02]} 13. a3 {[%emt 0:00:03]} cxd4 {[%emt 0:00:01]} 14. cxd4 {[%emt 0:00:02]} Qd5 {[%emt 0:00:00]} 15. Qxd5 {[%emt 0:00:02]} exd5 {[%emt 0:00:00]} 16. Re1+ {[%emt 0:00:01]} Be7 {[%emt 0:00:03]} 17. g5 {[%emt 0:00:02]} Kd7 {[%emt 0:00:01]} 18. b4 {[%emt 0:00:01]} Rhe8 {[%emt 0:00:02]} 19. Bd2 {[%emt 0:00:03]} Bd6 {[%emt 0:00:03]} 20. Rxe8 {[%emt 0:00:01]} Rxe8 {[%emt 0:00:00]} 21. Be3 {[%emt 0:00:02]} Kc6 {[%emt 0:00:01]} 22. Rc1+ {[%emt 0:00:01]} Kb5 {[%emt 0:00:00]} 23. Rc2 {[%emt 0:00:06]} Ka4 {[%emt 0:00:01]} 24. Rc6 {[%emt 0:00:02]} Kxa3 {[%emt 0:00:02]} 25. Ra6+ {[%emt 0:00:01]} Kxb4 {[%emt 0:00:01]} 26. Rxa7 {[%emt 0:00:01]} Kc4 {[%emt 0:00:00]} 27. Ra4+ {[%emt 0:00:02]} Kb5 {[%emt 0:00:02]} 28. Ra7 {[%emt 0:00:02]} c5 {[%emt 0:00:02]} 29. Rxf7 {[%emt 0:00:02]} c4 {[%emt 0:00:02]} 30. Rxg7 {[%emt 0:00:01]} Rb8 {[%emt 0:00:04]} 31. Rxh7 {[%emt 0:00:00]} c3 {[%emt 0:00:00]} 32. Rh1 {[%emt 0:00:01]} Kc4 {[%emt 0:00:01]} 33. Kg2 {[%emt 0:00:01]} Kd3 {[%emt 0:00:00] Zeit (Lag: Av=0.45s, max=0.7s)} 0-1

[Event "Stay Safe Play From Home 185"]
[Site "T#646428Emanuel Laske"]
[Date "2020.05.29"]
[Round "7"]
[White "Broken sword"]
[Black "Weltszmerc"]
[Result "1-0"]
[WhiteElo "2554"]
[BlackElo "2091"]
[Annotator "TA"]
[PlyCount "119"]
[EventDate "2020.05.29"]
[EventType "swiss (blitz)"]

{[%evp 10,118,2,-4,11,8,15,12,20,14,86,52,45,45,53,53,145,137,176,174,169,136,136,120,128,120,126,120,119,118,136,138,141,128,159,159,160,159,162,155,155,149,185,187,209,204,204,198,277,187,382,389,388,375,414,337,730,641,585,508,797,664,29951,12114,29950,6205,29959,6407,29969,29972,29973,29970,29981,29982,29984,29985,29985,29986,29985,29983,29983,29984,29986,29987,29989,29990,29990,29991,29991,29992,29993,29994,29994,29995,29995,29996,29996,29997,29998,29998,29998,29999,29999,29997,29997,29997,29998,29997,29998,29999,29999]} 1. d4 Nf6 2. c3 b6 3. Nf3 Bb7 4. Bg5 e6 5. Nbd2 Be7 6. e3 d6 {A46: 1 d4 Nf6 2 Nf3 e6: Torre, London and Colle Systems.} 7. Bd3 Nbd7 8. Qe2 e5 {[#] The position is equal.} 9. Ba6 $146 ({Predecessor:} 9. e4 h6 10. Bxf6 Bxf6 11. d5 O-O 12. g4 Bg5 13. Nxg5 Qxg5 14. h4 Qf4 15. g5 {0-1 (42) Perera Alfonso,R (2071)-Rabelo Prieto,R (2081) Havana 2009}) 9... Bc6 (9... Bxa6 $11 10. Qxa6 e4 11. Bxf6 Nxf6 12. Qb5+ Kf8) 10. Bb5 Bxb5 11. Qxb5 {[%cal Rd4e5]} a6 12. Qc6 {And now dxe5 would win.} e4 (12... exd4 $14 13. Bxf6 (13. cxd4 O-O $14) 13... Bxf6) 13. Bxf6 $16 exf3 14. Bxe7 Kxe7 15. Nxf3 Nf6 16. O-O Qd7 17. Qxd7+ Kxd7 18. Nd2 Rhe8 19. Rfe1 d5 20. c4 c6 21. Rac1 b5 22. cxd5 cxd5 23. Rc2 Rac8 {[#]} 24. Rec1 $1 Rxc2 25. Rxc2 Ne4 26. Nxe4 Rxe4 $18 {[%mdl 4096] Endgame KR-KR} 27. Rc5 Kd6 28. Rc8 Re7 (28... Ke7 $142 29. Rc7+ Ke8) 29. Kf1 Rc7 $2 (29... Re6 30. Ra8 Ke7 31. Ra7+ Kf6) 30. Rxc7 Kxc7 {KP-KP} 31. Ke2 Kd6 32. f3 f5 $2 (32... a5 33. g4 Kc6) 33. Kd3 a5 34. e4 dxe4+ (34... Ke6 $142 35. exf5+ Kxf5) 35. fxe4 fxe4+ 36. Kxe4 Ke6 37. d5+ Kd6 38. Kd4 g6 39. g3 {White mates.} h6 40. h3 a4 41. a3 g5 42. g4 Kc7 43. Kc5 Kd7 44. Kxb5 Kd6 45. Kc4 Ke5 46. Kc5 Kf4 47. d6 h5 48. gxh5 Kg3 49. d7 Kxh3 50. d8=Q g4 51. h6 g3 52. h7 Kg2 53. h8=Q Kg1 54. Qd1+ Kf2 55. Qhh1 {[%csl Gd1][%cal Rh1g1]} g2 56. Qhg1+ Kg3 57. Qd3+ Kh4 58. Qh2+ Kg4 {[#]} 59. Qe4+ $1 {[%mdl 64] Double Attack} Kg5 60. Qhh4# {Accuracy: White = 90%, Black = 41%.} 1-0

[Event "Stay Safe Play From Home 185"]
[Site "T#646428Emanuel Laske"]
[Date "2020.05.29"]
[Round "7"]
[White "Eidgenosse"]
[Black "Konmos"]
[Result "0-1"]
[WhiteElo "2459"]
[BlackElo "1850"]
[Annotator "TA"]
[PlyCount "68"]
[EventDate "2020.05.29"]
[EventType "swiss (blitz)"]

{[%evp 9,67,-16,-12,-18,-18,-13,27,27,28,31,26,23,83,79,208,195,276,154,153,116,122,24,22,28,29,24,72,63,156,156,310,129,110,110,125,81,843,-958,-950,-957,-926,-912,-874,-1264,-1188,-1417,-791,-29983,-29984,-29985,-29985,-29985,-29986,-29991,-29977,-29992,-29988,-29993,-29994,-29999]} 1. Nf3 d5 2. e3 c5 3. c4 d4 4. exd4 cxd4 5. d3 Nc6 6. g3 {A09: Réti Opening: 1 Nf3 d5 2 c4.} e5 7. Bg2 Bb4+ {Recently 7...Nf6 got a lot of attention.} 8. Nbd2 {White has an edge.} Nf6 9. O-O O-O {[#]} 10. a3 $146 ({Predecessor:} 10. Qe2 Bg4 11. h3 Bh5 12. g4 Bg6 13. Nh4 Nd7 14. Nxg6 hxg6 15. Ne4 Be7 16. f4 exf4 17. Bxf4 {1-0 (45) Kuligowski,A (2355)-Lubienski,T Piotrkow Trybunalski 1977}) 10... Be7 (10... Bd6 $11 {remains equal.}) 11. b4 $16 a5 (11... Bd6 $16) 12. b5 $18 e4 (12... Nb8 {is a better defense.} 13. Nxe5 Nbd7) 13. bxc6 ({White should play} 13. dxe4 $18 Nb8 14. e5) 13... exf3 $16 14. Bxf3 bxc6 15. Ne4 (15. Bxc6 $16 Ra6 16. Bg2) 15... Nxe4 $11 16. Bxe4 Ra6 {[%cal Ba8a6,Ba6e6,Be6e1,Be1g1][%mdl 32]} 17. Bf4 c5 18. Rb1 f5 (18... Bd6 $14) 19. Bd5+ $16 Be6 $2 {[#]} (19... Kh8 $16 {might work better.} 20. Re1 Bd6) 20. Bxe6+ (20. Rb8 $18 {and the rest is easy.} Qxb8 21. Bxb8 Bxd5 22. cxd5 Rxb8 23. Qa4) 20... Rxe6 21. Re1 Qd7 22. Qf3 Bd6 $2 {[%mdl 8192]} (22... Rxe1+ $16 23. Rxe1 a4) 23. Rb6 $4 {[%mdl 8192]} (23. Qd5 $18 Rff6 24. Re2) 23... Rxe1+ $19 24. Kg2 Bxf4 25. Qxf4 Rc8 26. Rd6 Qb7+ 27. Kh3 Rg1 {[#] Hoping for ...Qg2+.} 28. f3 Rf8 {Black mates.} 29. Rd5 Qf7 30. Qg5 h6 31. Qh4 Kh7 32. Rd6 g6 33. Qf4 g5 34. Qe5 Qh5# {Accuracy: White = 46%, Black = 33%.} 0-1